000 00878cam a2200217 4500
008 081124s2006 mx 000 0 spa u
020 _a8497728807
035 _aa475562
050 0 4 _aKKT3183
_bA23 2006
100 1 _aAbad Liceras, José María.
245 1 0 _aPatrimonio cultural :
_blos sitios históricos de interés militar /
_cJosé María Abad Liceras, María Burzaco Samper.
250 _a1a ed.
260 _aEspaña :
_bDykinson,
_c2006
300 _a488 páginas ;
_c24 cm.
500 _aCon un anexo especial sobre "principales batallas de la guerra civil" /Por Jorge López-San Miguel Lucas.
504 _aBibliografía : páginas 485-488
506 _aPifi 2006
650 7 _aMonumentos históricos
_xLeyes y legislación
_zEspaña
_2Lemb
650 7 _aPatrimonio cultural
_xLeyes y legislación
_zEspaña
_2Lemb
700 1 _aBurzaco Samper, María,
_eautor
942 _2lcc
_cLIB
999 _c147527
_d147525